00502nam a2200181 a 450000100060000000300090000600800410001502000150005604000280007108200150009910000300011424500550014426000390019930000100023865000360024865000120028465000240029610607CO-ViMGA141112s2004 ck r 000 u spa d a9581401061 aCO-ViMGAbspacCO-ViMGA04a301.2 O21h1 aOcampo López ; Javier, 10aHistoria de la Cultura HispanoAméricana siglo XX aBogotá : bPlaza y Janes, c1987 a297p.14aAmérica LATINA - CIVILIZACION14aCULTURA14aHISTORIA - SIGLO XX